[Event "HUN-chT2 Breyer 1516"]
[Site "Hungary"]
[Date "2016.04.17"]
[Round "11.6"]
[White "Jasz, Peter"]
[Black "Karacsonyi, Gellert"]
[Result "1-0"]
[WhiteElo "1973"]
[BlackElo "2055"]
[PlyCount "109"]
[EventDate "2015.09.13"]
[EventType "team-tourn"]
[EventRounds "11"]
[EventCountry "HUN"]
[SourceTitle "EXT 2017"]
[Source "ChessBase"]
[SourceDate "2016.10.25"]
[SourceVersion "1"]
[SourceVersionDate "2016.10.25"]
[SourceQuality "1"]
[WhiteTeam "Szazhalombatta"]
[BlackTeam "Kobanya Aquarena"]
[WhiteTeamCountry "HUN"]
[BlackTeamCountry "HUN"]

1. e4 c5 2. Nf3 e6 3. d4 cxd4 4. Nxd4 Nf6 5. Nc3 Qb6 6. Nb3 Bb4 7. Qd3 d6 8. Be3 Qc7 9. Be2 Nbd7 10. 0-0 Bxc3 11. bxc3 Ne5 12. Qd4 Nc6 13. Bb5 0-0 14. Bxc6 bxc6 15. f3 e5 16. Qd2 h6 17. g4 Qe7 18. Qg2 Ne8 19. Rad1 Ba6 20. Rf2 Nc7 21. Rfd2 Nb5 22. Rd3 Na3 23. Rxd6 Nc4 24. R6d3 Nxe3 25. Rxe3 Rfd8 26. Ree1 Rd6 27. Qf2 Rad8 28. Rxd6 Qxd6 29. Qxa7 Bc4 30. Qe3 f6 31. Kf2 Kh7 32. h4 Qa3 33. Qb6 Rd6 34. Qb4 Qxb4 35. cxb4 h5 36. Ke3 Rd8 37. a3 hxg4 38. fxg4 Kg6 39. Nc5 Rh8 40. Rh1 Kf7 41. Rh2 Bb5 42. a4 Bc4 43. h5 Ke7 44. Rd2 Rd8 45. Rxd8 Kxd8 46. Nd3 Be6 47. g5 fxg5 48. Nxe5 Kc7 49. c3 Kd6 50. Kd4 g4 51. a5 g3 52. Nf3 Bg4 53. Ng1 Bxh5 54. e5+ Ke6 55. a6 1-0

[Event "HUN-chT2 Breyer 1516"]
[Site "Hungary"]
[Date "2016.02.28"]
[Round "8.7"]
[White "Jasz, Peter"]
[Black "Bak, Tamas"]
[Result "1-0"]
[WhiteElo "1975"]
[BlackElo "1807"]
[PlyCount "85"]
[EventDate "2015.09.13"]
[EventType "team-tourn"]
[EventRounds "11"]
[EventCountry "HUN"]
[SourceTitle "EXT 2017"]
[Source "ChessBase"]
[SourceDate "2016.10.25"]
[SourceVersion "1"]
[SourceVersionDate "2016.10.25"]
[SourceQuality "1"]
[WhiteTeam "Szazhalombatta"]
[BlackTeam "Turul"]
[WhiteTeamCountry "HUN"]
[BlackTeamCountry "HUN"]

1. e4 e5 2. Nf3 Nc6 3. Bb5 d6 4. d4 exd4 5. Nxd4 Bd7 6. Nc3 Nf6 7. Bg5 Be7 8. Qd2 a6 9. Bxc6 bxc6 10. 0-0 0-0 11. Rae1 c5 12. Nde2 Be6 13. f3 c6 14. Ng3 d5 15. e5 Nd7 16. Bxe7 Qxe7 17. f4 d4 18. Nce4 Bd5 19. b3 f6 20. exf6 Nxf6 21. Ng5 Qd7 22. Qd3 h6 23. N5e4 Nxe4 24. Nxe4 Qg4 25. h3 Qg6 26. g4 Rae8 27. f5 Qf7 28. Nd6 Qd7 29. Rxe8 Rxe8 30. Nxe8 Qxe8 31. Kf2 Qe5 32. Qg3 Qe4 33. Re1 Qxc2+ 34. Re2 Qd1 35. Re1 Qd2+ 36. Re2 Qd1 37. Qe5 d3 38. Qe8+ Kh7 39. Qg6+ Kh8 40. Re8+ Bg8 41. f6 Qd2+ 42. Kg3 Qg5 43. fxg7# 1-0

[Event "HUN-chT2 Breyer 1516"]
[Site "Hungary"]
[Date "2015.10.18"]
[Round "3.5"]
[White "Jasz, Peter"]
[Black "Szitas, Gabor"]
[Result "1-0"]
[WhiteElo "1968"]
[BlackElo "2127"]
[PlyCount "59"]
[EventDate "2015.09.13"]
[EventType "team-tourn"]
[EventRounds "11"]
[EventCountry "HUN"]
[SourceTitle "CBM 170 Extra"]
[Source "ChessBase"]
[SourceDate "2016.02.25"]
[SourceVersion "1"]
[SourceVersionDate "2016.02.25"]
[SourceQuality "1"]
[WhiteTeam "Szazhalombatta"]
[BlackTeam "Biatorbagy"]
[WhiteTeamCountry "HUN"]
[BlackTeamCountry "HUN"]

1. e4 e5 2. Nf3 Nc6 3. Bb5 a6 4. Ba4 Nf6 5. 0-0 b5 6. Bb3 Be7 7. Re1 0-0 8. a4 Bb7 9. d3 d6 10. Nc3 b4 11. Ne2 Na5 12. Ba2 c5 13. Ng3 Rc8 14. c3 Rb8 15. cxb4 cxb4 16. b3 Nc6 17. Bb2 Re8 18. d4 exd4 19. Nxd4 Nxd4 20. Qxd4 Bf8 21. Rac1 a5 22. Bb1 Rc8 23. Rcd1 Qd7 24. Nf5 Re6 25. Bd3 d5 26. e5 Bc5 27. Qh4 Rce8 28. Nxg7 Kxg7 29. exf6+ Kf8 30. Qh6+ 1-0

[Event "HUN-chT2 Breyer 1415"]
[Site "Hungary"]
[Date "2015.03.22"]
[Round "10.7"]
[White "Balazs, Andras"]
[Black "Jasz, Peter"]
[Result "0-1"]
[WhiteElo "1925"]
[BlackElo "1967"]
[PlyCount "54"]
[EventDate "2014.09.07"]
[EventType "team-tourn"]
[EventRounds "11"]
[EventCountry "HUN"]
[SourceTitle "EXT 2016"]
[Source "ChessBase"]
[SourceDate "2015.10.08"]
[SourceVersion "1"]
[SourceVersionDate "2015.10.08"]
[SourceQuality "1"]
[WhiteTeam "Nyergesujfalu"]
[BlackTeam "Szazhalombatta"]
[WhiteTeamCountry "HUN"]
[BlackTeamCountry "HUN"]

1. e4 c5 2. Nf3 d6 3. Nc3 Nf6 4. Be2 g6 5. 0-0 Bg7 6. d4 cxd4 7. Nxd4 0-0 8. Be3 Nc6 9. Rc1 Bd7 10. Kh1 Rc8 11. f4 Qa5 12. Nb3 Qc7 13. Nb5 Qb8 14. Bf3 a6 15. N5d4 e5 16. Nxc6 Bxc6 17. Nd2 d5 18. exd5 Bxd5 19. c4 Bc6 20. Bxc6 Rxc6 21. b3 Rd8 22. Qf3 Rd3 23. Ne4 exf4 24. Qxf4 Qxf4 25. Nxf6+ Qxf6 26. Rxf6 Bxf6 27. Bh6 Rcd6 0-1

[Event "HUN-chT2 Breyer 1415"]
[Site "Hungary"]
[Date "2015.02.08"]
[Round "?"]
[White "Halasz, Csaba"]
[Black "Jasz, Peter"]
[Result "1/2-1/2"]
[WhiteElo "2092"]
[BlackElo "1967"]
[PlyCount "63"]
[EventDate "2014.09.07"]
[EventType "team-tourn"]
[EventRounds "11"]
[EventCountry "HUN"]
[SourceTitle "EXT 2016"]
[Source "ChessBase"]
[SourceDate "2015.10.08"]
[SourceVersion "1"]
[SourceVersionDate "2015.10.08"]
[SourceQuality "1"]
[WhiteTeam "MAFC"]
[BlackTeam "Szazhalombatta"]
[WhiteTeamCountry "HUN"]
[BlackTeamCountry "HUN"]

1. e4 c5 2. Nf3 d6 3. d4 cxd4 4. Nxd4 Nf6 5. Nc3 g6 6. Be3 Bg7 7. f3 0-0 8. Qd2 Nc6 9. Bc4 Bd7 10. 0-0-0 Ne5 11. Bb3 Rc8 12. Kb1 b5 13. Ndxb5 Bxb5 14. Nxb5 a6 15. Nd4 Nc4 16. Bxc4 Rxc4 17. g4 Qb8 18. h4 Rfc8 19. Rc1 Nd7 20. c3 Nb6 21. Ne2 R4c7 22. Bxb6 Qxb6 23. h5 Rc5 24. hxg6 fxg6 25. f4 Qb7 26. Qd3 h6 27. Nd4 Rc4 28. Rhe1 Bxd4 29. cxd4 Rxc1+ 30. Rxc1 Rxc1+ 31. Kxc1 Qc8+ 32. Kd2 1/2-1/2

[Event "HUN-chT2 Breyer 1415"]
[Site "Hungary"]
[Date "2014.09.07"]
[Round "1.6"]
[White "Jasz, Peter"]
[Black "Centgraf, Jozsef"]
[Result "1/2-1/2"]
[WhiteElo "1967"]
[BlackElo "2158"]
[PlyCount "50"]
[EventDate "2014.09.07"]
[EventType "team-tourn"]
[EventRounds "11"]
[EventCountry "HUN"]
[SourceTitle "EXT 2016"]
[Source "ChessBase"]
[SourceDate "2015.10.08"]
[SourceVersion "1"]
[SourceVersionDate "2015.10.08"]
[SourceQuality "1"]
[WhiteTeam "Szazhalombatta"]
[BlackTeam "Sarkany DSE"]
[WhiteTeamCountry "HUN"]
[BlackTeamCountry "HUN"]

1. e4 c5 2. Nf3 a6 3. d4 cxd4 4. Nxd4 e5 5. Nb3 Nf6 6. Nc3 Be7 7. Be3 d6 8. f3 Be6 9. Qd2 Nc6 10. Nd5 0-0 11. Bb6 Qd7 12. 0-0-0 Bxd5 13. exd5 Na7 14. Qf2 Nc8 15. Be3 a5 16. Kb1 a4 17. Nc1 a3 18. b3 Nh5 19. g3 Bd8 20. g4 Nf4 21. Ne2 Qc7 22. c4 Nxe2 23. Bxe2 Qa5 24. Rc1 Nb6 25. Rc2 Nd7 1/2-1/2

[Event "HUN-chT2 Breyer 1314"]
[Site "Hungary"]
[Date "2014.03.23"]
[Round "7"]
[White "Jasz, Peter"]
[Black "Ruip, Janos"]
[Result "0-1"]
[WhiteElo "1995"]
[BlackElo "2056"]
[PlyCount "72"]
[EventDate "2013.09.08"]
[EventType "team-tourn"]
[EventRounds "9"]
[EventCountry "HUN"]
[SourceTitle "EXT 2016"]
[Source "ChessBase"]
[SourceDate "2015.10.08"]
[SourceVersion "1"]
[SourceVersionDate "2015.10.08"]
[SourceQuality "1"]
[WhiteTeam "Szazhalombatta"]
[BlackTeam "Biatorbagy"]
[WhiteTeamCountry "HUN"]
[BlackTeamCountry "HUN"]

1. e4 Nc6 2. Nf3 d6 3. d4 a6 4. d5 Ne5 5. Nxe5 dxe5 6. c4 e6 7. Nc3 Nf6 8. Be2 exd5 9. cxd5 Bc5 10. 0-0 0-0 11. Bg5 Qd6 12. Qd3 Bd7 13. Rad1 Ne8 14. Kh1 Qb6 15. Rd2 f6 16. Bh4 Nd6 17. Bg3 Bd4 18. f3 Qa7 19. Qc2 b5 20. Bd3 Rac8 21. Bf2 c6 22. dxc6 Rxc6 23. Qb3+ Kh8 24. Qd5 Bxf2 25. Rdxf2 Qc7 26. f4 Rc5 27. Qb3 exf4 28. Rxf4 Re5 29. Nd5 Qc5 30. Qd1 Be8 31. Qf3 Qa7 32. g4 Qf7 33. h4 Bc6 34. Nxf6 gxf6 35. Rxf6 Qxf6 36. Qg3 Nxe4 0-1

[Event "HUN-chT2 Breyer 1314"]
[Site "Hungary"]
[Date "2013.09.22"]
[Round "2.8"]
[White "Sopow, Tamas"]
[Black "Jasz, Peter"]
[Result "0-1"]
[WhiteElo "1787"]
[BlackElo "1995"]
[PlyCount "68"]
[EventDate "2013.09.08"]
[EventType "team-tourn"]
[EventRounds "9"]
[EventCountry "HUN"]
[SourceTitle "EXT 2016"]
[Source "ChessBase"]
[SourceDate "2015.10.08"]
[SourceVersion "1"]
[SourceVersionDate "2015.10.08"]
[SourceQuality "1"]
[WhiteTeam "Tatabanya Turul"]
[BlackTeam "Szazhalombatta"]
[WhiteTeamCountry "HUN"]
[BlackTeamCountry "HUN"]

1. c4 Nf6 2. Nc3 g6 3. Nf3 Bg7 4. e3 d6 5. Be2 0-0 6. 0-0 e5 7. d4 Nc6 8. a3 Nd7 9. Rb1 f5 10. Nd5 e4 11. Ne1 Ne7 12. Nf4 Nf6 13. c5 d5 14. Bb5 c6 15. Ba4 Qe8 16. Bd2 g5 17. Ne2 b5 18. cxb6 axb6 19. Bb4 b5 20. Bb3 Rf7 21. Rc1 Ng6 22. g3 f4 23. exf4 gxf4 24. Nxf4 Nxf4 25. gxf4 e3 26. Qe2 Bg4 27. Qxe3 Qd7 28. Bc2 Re8 29. Qg3 Nh5 30. Qd3 Bh6 31. Ng2 Be2 32. Qc3 Rg7 33. Kh1 Qg4 34. Rg1 Bf3 0-1

[Event "HUN-chT2 Breyer 1314"]
[Site "Hungary"]
[Date "2013.09.08"]
[Round "1"]
[White "Jasz, Peter"]
[Black "Dolnik, Attila"]
[Result "1/2-1/2"]
[WhiteElo "1995"]
[BlackElo "2169"]
[PlyCount "69"]
[EventDate "2013.09.08"]
[EventType "team-tourn"]
[EventRounds "9"]
[EventCountry "HUN"]
[SourceTitle "EXT 2016"]
[Source "ChessBase"]
[SourceDate "2015.10.08"]
[SourceVersion "1"]
[SourceVersionDate "2015.10.08"]
[SourceQuality "1"]
[WhiteTeam "Szazhalombatta"]
[BlackTeam "Kisber Aszar"]
[WhiteTeamCountry "HUN"]
[BlackTeamCountry "HUN"]

1. e4 g6 2. d4 Bg7 3. Nc3 d6 4. f4 Nf6 5. Nf3 c5 6. Bb5+ Bd7 7. Bxd7+ Nbxd7 8. e5 Ng4 9. Ne4 cxd4 10. Nfg5 dxe5 11. Qxg4 f5 12. Qh3 Qb6 13. Nd2 h6 14. Ngf3 e4 15. Ne5 Nxe5 16. fxe5 e3 17. Nf3 Qb4+ 18. c3 dxc3 19. Qh4 cxb2+ 20. Qxb4 bxa1Q 21. 0-0 0-0 22. Qb3+ Kh7 23. Bb2 Qxf1+ 24. Kxf1 f4 25. Qe6 Rac8 26. Nd4 Rc7 27. h4 h5 28. Qd5 Rfc8 29. Qe4 Rc5 30. Ne6 Rc2 31. Ng5+ Kh6 32. Nf7+ Kh7 33. Ng5+ Kh6 34. Nf7+ Kh7 35. Ng5+ 1/2-1/2

[Event "HUN-chT2 Breyer 1213"]
[Site "Hungary"]
[Date "2013.04.21"]
[Round "11.8"]
[White "Ruip, Janos"]
[Black "Jasz, Peter"]
[Result "1/2-1/2"]
[WhiteElo "2051"]
[BlackElo "1967"]
[PlyCount "73"]
[EventDate "2012.09.16"]
[EventType "team-tourn"]
[EventRounds "11"]
[EventCountry "HUN"]
[SourceTitle "EXT 2014"]
[Source "ChessBase"]
[SourceDate "2013.11.20"]
[SourceVersion "1"]
[SourceVersionDate "2013.11.20"]
[SourceQuality "1"]
[WhiteTeam "Biatorbagy"]
[BlackTeam "Szazhalombatta"]
[WhiteTeamCountry "HUN"]
[BlackTeamCountry "HUN"]

1. e4 c5 2. Nc3 Nc6 3. g3 g6 4. Bg2 Bg7 5. d3 e6 6. Be3 Nd4 7. Nge2 Ne7 8. 0-0 0-0 9. Qd2 Rb8 10. Nd1 b6 11. c3 Nxe2+ 12. Qxe2 Ba6 13. Qc2 d5 14. exd5 Nxd5 15. Bd2 Qd7 16. Re1 Nf6 17. c4 Rbd8 18. Bf1 Bb7 19. Nc3 Ng4 20. Ne4 Ne5 21. Re3 f5 22. Ng5 Qc6 23. f3 h6 24. Bc3 hxg5 25. Bxe5 f4 26. Bxg7 fxe3 27. Bxf8 Rxf8 28. Bg2 g4 29. f4 Qxg2+ 30. Qxg2 Bxg2 31. Kxg2 Rd8 32. Rd1 b5 33. b3 bxc4 34. bxc4 e2 35. Re1 Rxd3 36. Rxe2 Kf7 37. Rc2 1/2-1/2

[Event "HUN-chT2 Breyer 1213"]
[Site "Hungary"]
[Date "2013.03.24"]
[Round "9.8"]
[White "Nyeki, Bence"]
[Black "Jasz, Peter"]
[Result "0-1"]
[WhiteElo "1800"]
[BlackElo "1967"]
[PlyCount "78"]
[EventDate "2012.09.16"]
[EventType "team-tourn"]
[EventRounds "11"]
[EventCountry "HUN"]
[SourceTitle "EXT 2014"]
[Source "ChessBase"]
[SourceDate "2013.11.20"]
[SourceVersion "1"]
[SourceVersionDate "2013.11.20"]
[SourceQuality "1"]
[WhiteTeam "Gyor Komszomol"]
[BlackTeam "Szazhalombatta"]
[WhiteTeamCountry "HUN"]
[BlackTeamCountry "HUN"]

1. d4 Nf6 2. c4 g6 3. Nc3 Bg7 4. e4 d6 5. Nf3 0-0 6. Be2 e5 7. 0-0 Nc6 8. d5 Ne7 9. b4 a5 10. Ba3 axb4 11. Bxb4 Nd7 12. Qc2 b6 13. a4 Nc5 14. Bxc5 bxc5 15. Qb2 h6 16. Nd2 f5 17. exf5 gxf5 18. f3 Ng6 19. Rfe1 Qh4 20. Nb3 e4 21. g3 Qf6 22. Rac1 exf3 23. Bxf3 Ne5 24. Be2 h5 25. Kg2 h4 26. Rf1 hxg3 27. hxg3 Bh6 28. Rcd1 Qg7 29. Kh1 Be3 30. Nd2 Rf6 31. Nf3 Rh6+ 32. Nh2 Qh7 33. Bf3 Ba6 34. Nb5 Bxb5 35. axb5 Kg7 36. Rde1 Bd4 37. Qc2 Ra3 38. Qe2 Re3 39. Qd2 Nxf3 0-1

[Event "HUN-chT2 Breyer 1213"]
[Site "Hungary"]
[Date "2013.01.27"]
[Round "6.9"]
[White "Jasz, Peter"]
[Black "Kiss, Istvan2"]
[Result "1-0"]
[WhiteElo "1967"]
[BlackElo "1790"]
[PlyCount "47"]
[EventDate "2012.09.16"]
[EventType "team-tourn"]
[EventRounds "11"]
[EventCountry "HUN"]
[SourceTitle "EXT 2014"]
[Source "ChessBase"]
[SourceDate "2013.11.20"]
[SourceVersion "1"]
[SourceVersionDate "2013.11.20"]
[SourceQuality "1"]
[WhiteTeam "Szazhalombatta"]
[BlackTeam "Zoltek"]
[WhiteTeamCountry "HUN"]
[BlackTeamCountry "HUN"]

1. e4 d6 2. d4 g6 3. Nc3 Bg7 4. f4 e5 5. dxe5 dxe5 6. Qxd8+ Kxd8 7. Nf3 Nc6 8. Ng5 Nh6 9. Bc4 f6 10. Nf3 Bg4 11. Be3 Bxf3 12. gxf3 Re8 13. 0-0-0+ Kc8 14. f5 gxf5 15. Rhg1 Bf8 16. Nd5 Na5 17. Be2 f4 18. Nxf6 Rd8 19. Bf2 Bd6 20. Rg7 Rf8 21. Nxh7 Rf7 22. Rdg1 Kd7 23. Nf6+ Kc6 24. Rh7 1-0

[Event "HUN-chT2 Breyer 1112"]
[Site "Hungary"]
[Date "2012.04.22"]
[Round "9.9"]
[White "Meszaros, Edmond Vilmos"]
[Black "Jasz, Peter"]
[Result "0-1"]
[WhiteElo "1651"]
[BlackElo "1955"]
[PlyCount "68"]
[EventDate "2011.09.25"]
[EventType "team-tourn"]
[EventRounds "11"]
[EventCountry "HUN"]
[SourceTitle "EXT 2013"]
[Source "ChessBase"]
[SourceDate "2012.11.22"]
[SourceVersion "1"]
[SourceVersionDate "2012.11.22"]
[SourceQuality "1"]
[WhiteTeam "Kisber Aszar"]
[BlackTeam "Szazhalombatta"]
[WhiteTeamCountry "HUN"]
[BlackTeamCountry "HUN"]

1. Nf3 Nf6 2. d4 g6 3. Bf4 Bg7 4. c4 d6 5. Nc3 Nbd7 6. e3 0-0 7. Be2 Re8 8. 0-0 Nh5 9. Bg3 Nxg3 10. hxg3 e5 11. dxe5 Nxe5 12. Nxe5 Bxe5 13. Qc2 c6 14. Rad1 Qc7 15. Rd2 Bf5 16. Bd3 Bxd3 17. Rxd3 Rad8 18. Rfd1 f5 19. Ne2 Bf6 20. Qd2 Be7 21. b4 Bf8 22. a4 Qf7 23. c5 d5 24. Nd4 Qf6 25. Qc3 Qe7 26. a5 Rc8 27. Rc1 a6 28. Rd2 Bg7 29. Qd3 Qg5 30. Nf3 Qg4 31. Nh2 Qxb4 32. Ra2 Rc7 33. Nf3 Rce7 34. Nd2 h5 0-1

[Event "HUN-chT2 Breyer 1112"]
[Site "Hungary"]
[Date "2012.03.25"]
[Round "8.11"]
[White "Jasz, Peter"]
[Black "Sugar, Kolos"]
[Result "1-0"]
[WhiteElo "1955"]
[BlackElo "1548"]
[PlyCount "43"]
[EventDate "2011.09.25"]
[EventType "team-tourn"]
[EventRounds "11"]
[EventCountry "HUN"]
[SourceTitle "EXT 2013"]
[Source "ChessBase"]
[SourceDate "2012.11.22"]
[SourceVersion "1"]
[SourceVersionDate "2012.11.22"]
[SourceQuality "1"]
[WhiteTeam "Szazhalombatta"]
[BlackTeam "Biatorbagy"]
[WhiteTeamCountry "HUN"]
[BlackTeamCountry "HUN"]

1. e4 c6 2. c4 d5 3. cxd5 cxd5 4. exd5 Qxd5 5. Nc3 Qa5 6. Nf3 Nf6 7. Bc4 e6 8. 0-0 Be7 9. d4 0-0 10. Ne5 Nbd7 11. Qe2 a6 12. Nxf7 Nb6 13. Ng5 Nxc4 14. Qxc4 Qf5 15. Qc7 Bd8 16. Qd6 b5 17. Be3 Nh5 18. f4 Ra7 19. d5 Rd7 20. Qxe6+ Rdf7 21. Qxf5 Rxf5 22. g4 1-0

[Event "HUN-chT2 Breyer 1112"]
[Site "Hungary"]
[Date "2011.11.13"]
[Round "3.8"]
[White "Csolig, Robert"]
[Black "Jasz, Peter"]
[Result "1-0"]
[WhiteElo "2190"]
[BlackElo "1955"]
[PlyCount "115"]
[EventDate "2011.09.25"]
[EventType "team-tourn"]
[EventRounds "11"]
[EventCountry "HUN"]
[SourceTitle "EXT 2013"]
[Source "ChessBase"]
[SourceDate "2012.11.22"]
[SourceVersion "1"]
[SourceVersionDate "2012.11.22"]
[SourceQuality "1"]
[WhiteTeam "Geniusz Tata"]
[BlackTeam "Szazhalombatta"]
[WhiteTeamCountry "HUN"]
[BlackTeamCountry "HUN"]

1. d4 Nf6 2. c4 g6 3. Nc3 Bg7 4. e4 d6 5. f3 0-0 6. Be3 Nc6 7. Qd2 a6 8. Nge2 Rb8 9. Nc1 e5 10. d5 Nd4 11. Nb3 c5 12. dxc6 bxc6 13. Nxd4 exd4 14. Bxd4 Qa5 15. Be2 Be6 16. 0-0 Rfd8 17. Rfd1 Qb4 18. b3 c5 19. Bxf6 Bxf6 20. Rac1 Bd4+ 21. Kh1 Qb7 22. Bd3 Qc8 23. Ne2 Bg7 24. Bc2 Qc7 25. Qf4 Qe7 26. Rd3 Rb7 27. Rcd1 Rbd7 28. Qd2 Qh4 29. g3 Qf6 30. Kg2 Qe5 31. Nc3 f5 32. f4 Qf6 33. Nd5 Bxd5 34. Rxd5 fxe4 35. Bxe4 Qe7 36. Bd3 Bd4 37. Re1 Qf7 38. f5 Rf8 39. Rf1 Qg7 40. fxg6 Rxf1 41. gxh7+ Kh8 42. Kxf1 Qg4 43. Kg2 Rf7 44. Rg5 Qf3+ 45. Kh3 Bg7 46. Bg6 Rf6 47. Qd5 Qf1+ 48. Qg2 Qc1 49. Kh4 Bh6 50. Rg4 Qe3 51. Qd5 Rf8 52. Qxd6 Qf2 53. h3 Bg7 54. Rf4 Rxf4+ 55. Qxf4 Bf6+ 56. Kh5 Qe2+ 57. g4 Be7 58. Qb8+ 1-0

[Event "HUN-chT2 Breyer 1011"]
[Site "Hungary"]
[Date "2011.04.17"]
[Round "9.8"]
[White "Jasz, Peter"]
[Black "Ferencz, Istvan"]
[Result "1/2-1/2"]
[WhiteElo "1995"]
[BlackElo "2052"]
[PlyCount "84"]
[EventDate "2010.09.12"]
[EventType "team-tourn"]
[EventRounds "11"]
[EventCountry "HUN"]
[SourceTitle "EXT 2012"]
[Source "ChessBase"]
[SourceDate "2011.11.24"]
[SourceVersion "1"]
[SourceVersionDate "2011.11.24"]
[SourceQuality "1"]
[WhiteTeam "Szazhalombatta"]
[BlackTeam "Geniusz Tata"]
[WhiteTeamCountry "HUN"]
[BlackTeamCountry "HUN"]

1. e4 c6 2. d4 d5 3. exd5 cxd5 4. Bd3 Nf6 5. c3 Nc6 6. Bf4 e6 7. Nd2 Bd6 8. Bxd6 Qxd6 9. Ngf3 0-0 10. 0-0 e5 11. dxe5 Nxe5 12. Nxe5 Qxe5 13. Re1 Qf4 14. g3 Qh6 15. f3 Bd7 16. Qe2 Rfe8 17. Qf2 Rxe1+ 18. Rxe1 Re8 19. Rxe8+ Nxe8 20. Nb3 b6 21. Qe2 Kf8 22. Nd4 Nd6 23. f4 Qf6 24. Nf3 Bg4 25. Kg2 h6 26. Qe5 Bxf3+ 27. Kxf3 Qxe5 28. fxe5 Nb7 29. Bb5 Nc5 30. Ke3 Ke7 31. Bc6 f6 32. exf6+ Kxf6 33. b4 Ne6 34. Bxd5 Nc7 35. Bc6 Ne6 36. Be4 g5 37. h3 a5 38. a3 axb4 39. axb4 h5 40. Bd3 h4 41. g4 Nf4 42. Bf1 Ne6 1/2-1/2

[Event "Budapest FS05 FM-B"]
[Site "Budapest"]
[Date "2010.05.10"]
[Round "2.5"]
[White "Kis, Bela"]
[Black "Jasz, Peter"]
[Result "0-1"]
[WhiteElo "2116"]
[BlackElo "1995"]
[PlyCount "105"]
[EventDate "2010.05.01"]
[EventType "tourn"]
[EventRounds "10"]
[EventCountry "HUN"]
[SourceTitle "CBM 136 Extra"]
[Source "ChessBase"]
[SourceDate "2010.07.02"]
[SourceVersion "2"]
[SourceVersionDate "2010.07.15"]
[SourceQuality "1"]

1. e4 c5 2. d4 cxd4 3. c3 dxc3 4. Nxc3 Nc6 5. Nf3 d6 6. Bc4 e6 7. 0-0 Nf6 8. Qe2 Be7 9. Rd1 e5 10. h3 0-0 11. b3 Qa5 12. Nb5 Ne8 13. a4 a6 14. Ba3 Qd8 15. Nc3 Be6 16. Nd5 Bxd5 17. Bxd5 Qb8 18. Rac1 Bf6 19. Rd3 Nd4 20. Nxd4 exd4 21. f4 Ra7 22. Qg4 b5 23. Rc8 Qb6 24. Rc6 Qb8 25. a5 Qd8 26. Bb4 Be7 27. Rc8 Qd7 28. Qxd7 Rxd7 29. Bc6 Rc7 30. Rxe8 Rxe8 31. Bxe8 Kf8 32. Bxb5 axb5 33. Rxd4 Rc1+ 34. Kh2 Ke8 35. Bxd6 Rc3 36. Bxe7 Kxe7 37. b4 Rc4 38. Rxc4 bxc4 39. a6 c3 40. a7 c2 41. a8Q c1Q 42. Qa7+ Ke6 43. Qb6+ Kd7 44. Qb5+ Kd8 45. Qd5+ Ke8 46. Qe5+ Kd7 47. Qd4+ Ke8 48. e5 Qe1 49. b5 h5 50. b6 h4 51. b7 Qg3+ 52. Kh1 Qe1+ 53. Qg1 0-1

[Event "Budapest FS05 FM-B"]
[Site "Budapest"]
[Date "2010.05.08"]
[Round "2.3"]
[White "Mayer, Istvan"]
[Black "Jasz, Peter"]
[Result "1/2-1/2"]
[WhiteElo "2118"]
[BlackElo "1995"]
[PlyCount "30"]
[EventDate "2010.05.01"]
[EventType "tourn"]
[EventRounds "10"]
[EventCountry "HUN"]
[SourceTitle "CBM 136 Extra"]
[Source "ChessBase"]
[SourceDate "2010.07.02"]
[SourceVersion "2"]
[SourceVersionDate "2010.07.15"]
[SourceQuality "1"]

1. e4 c5 2. Nf3 d6 3. Bb5+ Bd7 4. Bxd7+ Qxd7 5. 0-0 Nc6 6. c3 Nf6 7. Re1 e6 8. d4 cxd4 9. cxd4 d5 10. exd5 Nxd5 11. Nc3 Be7 12. Bg5 0-0 13. Bxe7 Ndxe7 14. Qd3 Rad8 15. Rad1 h6 1/2-1/2

[Event "Budapest FS05 FM-B"]
[Site "Budapest"]
[Date "2010.05.06"]
[Round "2.1"]
[White "Madsen, Hans Henrik"]
[Black "Jasz, Peter"]
[Result "0-1"]
[WhiteElo "2129"]
[BlackElo "1995"]
[PlyCount "122"]
[EventDate "2010.05.01"]
[EventType "tourn"]
[EventRounds "10"]
[EventCountry "HUN"]
[SourceTitle "CBM 136 Extra"]
[Source "ChessBase"]
[SourceDate "2010.07.02"]
[SourceVersion "2"]
[SourceVersionDate "2010.07.15"]
[SourceQuality "1"]

1. d4 Nf6 2. Nf3 g6 3. Bf4 Bg7 4. e3 d6 5. h3 0-0 6. Be2 Nbd7 7. 0-0 b6 8. a4 a5 9. c4 Bb7 10. Nc3 Ne4 11. Qc2 Nxc3 12. Qxc3 Qe8 13. Qc2 e5 14. Bh2 e4 15. Nd2 f5 16. Nb3 Qe6 17. Rfd1 Rae8 18. c5 Bd5 19. Ra3 Rc8 20. Rd2 g5 21. Qd1 Nf6 22. Na1 Bh6 23. Nc2 Rf7 24. Rc3 Rcf8 25. Na3 f4 26. cxb6 f3 27. bxc7 fxe2 28. Qxe2 Rc8 29. Nb5 Ne8 30. Rdc2 Bb3 31. Rxb3 Qxb3 32. Bxd6 Nxd6 33. Nxd6 Rfxc7 34. Rxc7 Rxc7 35. Qa6 Qd5 36. Ne8 Rc6 37. Qa7 Qf7 38. Qa8 Rc1+ 39. Kh2 Bf8 40. Qd8 h6 41. Nf6+ Kh8 42. Nxe4 Qc7+ 43. Qxc7 Rxc7 44. h4 Be7 45. Kh3 Rb7 46. Kg4 gxh4 47. Kf5 Rxb2 48. Ke6 h3 49. gxh3 Bh4 50. d5 Rb4 51. f3 Rxa4 52. d6 Rxe4+ 53. fxe4 a4 54. Kd5 a3 55. e5 a2 56. e6 a1Q 57. e7 Bxe7 58. dxe7 Qa4 59. Ke6 Qe8 60. Kf6 Kg8 61. Ke6 Kg7 0-1

[Event "Budapest FS11 FM-A"]
[Site "Budapest"]
[Date "2009.11.16"]
[Round "10"]
[White "Lantos, Attila"]
[Black "Jasz, Peter"]
[Result "1-0"]
[WhiteElo "2005"]
[BlackElo "2001"]
[PlyCount "119"]
[EventDate "2009.11.07"]
[EventType "tourn"]
[EventRounds "13"]
[EventCountry "HUN"]
[SourceTitle "EXT 2010"]
[Source "ChessBase"]
[SourceDate "2010.11.25"]
[SourceVersion "1"]
[SourceVersionDate "2010.11.25"]
[SourceQuality "1"]

1. e4 c5 2. Nf3 d6 3. c3 Nf6 4. Be2 Nc6 5. d4 cxd4 6. cxd4 Nxe4 7. 0-0 d5 8. Nc3 Nf6 9. Ne5 e6 10. Bb5 Bd7 11. Nxd7 Qxd7 12. a3 Be7 13. Bg5 Rc8 14. Qd3 a6 15. Ba4 b5 16. Bb3 Qa7 17. Be3 Na5 18. Bc2 Nc4 19. Ra2 Qc7 20. Bc1 Nxa3 21. Bb3 Qc6 22. Qg3 Nc4 23. Bd1 Nd6 24. Be3 Nf5 25. Qh3 Nxe3 26. fxe3 0-0 27. Ne2 Qc4 28. Rxa6 Ra8 29. Rxa8 Rxa8 30. Nf4 Qc6 31. Qf3 Rf8 32. Kh1 Ne4 33. Qh5 Qc1 34. Qe2 Nd2 35. Nd3 Qc4 36. Qxd2 Rc8 37. Rg1 Bg5 38. Ne5 Qc7 39. Rf1 Bf6 40. Ng4 Be7 41. Qf2 f5 42. Ne5 Bd6 43. Nf3 b4 44. Bb3 h6 45. g3 g5 46. Qg2 Kg7 47. Ba2 Qb7 48. Bb1 Qb5 49. Ng1 b3 50. Qe2 Qa4 51. g4 Rf8 52. Qd3 Qa1 53. gxf5 exf5 54. Qe2 Qa7 55. Bxf5 Bf4 56. Bd3 Re8 57. Qh5 Rxe3 58. Qg6+ Kf8 59. Qxh6+ Qg7 60. Rxf4+ 1-0